01358cam a2200265 a 450000100090000000300040000900500170001300800410003001000170007102000150008803500220010304000180012505000120014308200140015510000180016924500990018725000120028626000380029830000460033650400640038250505830044665000190102970000220104870000220107012840452OSt20211216165635.0020702s2004 maua b 001 0 eng  a 2002109364 a0618260153 a(DLC) 2002109364 aDLCcDLCdDLC00aP90.B4100a302.22221 aBerko, Roy M.10aCommunicating: a social and career focus. /cRoy M. Berko, Andrew D. Wolvin, Darlyn R. Wolvin. a9th ed. aBoston:bHoughton Mifflin,c2004. axvi, 448 p. :bill. (some col.) ;c26 cm. aIncludes bibliographical references (p. 419-431) and index. aContents: 1. Foundations of communication: The human communication process -- Foundations of verbal language -- Nonverbal communication -- Personal communication -- Listening -- 2. Interpersonal communication: The theory of interpersonal communication -- Interpersonal skills -- The Interview -- The Theory of groups -- Participating in groups -- 3. Communicating in public: Public speaking: planning and presenting the message -- Public speaking: developing the speech -- Public speaking: structuring the message -- Informative public speaking -- Persuasive public speaking --  0aCommunication.1 aWolvin, Andrew D.1 aWolvin, Darlyn R.